000 00918nas a2200289 4500
001 BR2014002372
003 BR-BrBNA
005 20231205123916.0
007 ta
008 230509b bl.|||p| |||| 00| 00por d
040 _aBR-BrBNA
_bpor
_cBiblioteca Nacional de Agricultura
041 _a(Pt)
072 _aL70; L74
100 1 _aFernandes, A.M. de O.
100 1 _aNegreiros, D. de O.
100 1 _aGianotti, G.C.
100 1 _aContesini, E.A.
245 1 _aImplicações da quimioterapia antineoplásica na anestesia em cães e gatos
650 _aCÃO
650 _aGATO
650 _aCÂNCER
650 _aANESTESIA
650 _aVETERINÁRIA
773 0 _tMedvep. Revista Científica de Medicina Veterinária. Pequenos Animais e Animais de Estimação (Brazil)
_xISSN 1678-1430
_g(2013), v. 11(38) p. 240-246
_wBR2014002372
909 _a202311
_bLúcia
_c55
_dLúcia Elande
942 _2AGRIS
_n0
_cANA
999 _c236323
_d236323